000 00358nam a22001457a 4500
003 OSt
005 20160727222407.0
008 160624b xxu||||| |||| 00| 0 eng d
040 _cTest
100 _9897
_aOller, J.W
245 _aLanguage Tests at School
260 _aLon
_b Longman Group Ltd.
_c1979
300 _aLanguage Tests at School
942 _2ddc
_cBK
999 _c712
_d712